10 Najbardziej islamskich państw w Europie - Statystyki

Ogólne statystyki
  • Ten quiz został rozwiązany 102 razy
  • Średni wynik to 7 z 10
Statystyki odpowiedzi
% Państwo % Poprawnych
93.5 Kosowo
92%
50.7 Albania
91%
10.0 Francja
84%
50.7 Bośnia i Hercegowina
83%
32.2 Macedonia Północna
78%
13.4 Bułgaria
74%
11.0 Rosja
66%
19.1 Czarnogóra
63%
7.6 Belgia
43%
8.3 Austria
35%
Nie znaleziono quizów pasujących do podanych kryteriów
Rozkład punktacji
Procent ludzi z każdym wynikiem
Percentyl według liczby udzielonych odpowiedzi
Twoja historia wyników
Nie rozwiązałeś tego quizu